LEADER 01610nam a2200289 4500 001 000000355184 003 CaOOAMICUS 005 20230830101316.0 008 230830s1705 it a 000 u ita r 026 $ee.a- n-i- dare anch (C) 1705 (A) 040 $aSeMil$bita 110 21$aCompagnia delle Vergini di Santa Margherita .$0(OLS)http://semarc/name/118169 245 10$aIstruzione del modo, e forma del governo, vivere delle Vergini di Santa Margarita, che stano nella Pia casa di Santo Spirito di Milano &c. ... 264 1$aIn Milano :$bPer li Fratelli Sirtori, Stampatori arcivescovali,$c1705. 300 $a142 p. ;$c4° 500 $aIniziali e fregi xilogr. 500 $aCarta di tav. con insegna xilogr. della Confraternita; altra insegna xilogr. sul front. 500 $aSegn.: A-S? (-S4) 650 4$aCongregazioni e confraternite religiose - Milano - Sec. 16.-18.$0(OLS)http://semarc/subject/49109 650 4$aCompagnia delle Vergini di Santa Margherita - Regole e costituzioni.$0(OLS)http://semarc/subject/54212 700 1 $aSirtori,$c.$0(OLS)http://semarc/name/11372 752 $aIT$dMilano 850 $aSeMil 852 $aSeMil$W1$xVenegono$y1$m3XF V 17 FA$j243272$B246463$CSeMilBibl$Z2$F246463 $8I 996 $6245$aIstruzione del modo, e forma del governo, vivere delle Vergini di Santa Margarita, che stano nella Pia casa di Santo Spirito di Milano &c. ...$9(OLS)http://semarc/title/445356 996 $6264$aIn Milano :$bPer li Fratelli Sirtori, Stampatori arcivescovali$9(OLS)http://semarc/publisher/41452 LEADER 01145nam a2200265 i 4500 001 000000064930 003 CaOOAMICUS 005 20130604000000.0 008 130604s1954 it u000 u ita u 013 $a36102 040 $aSeMil$bita 100 1 $aPerniola, Erasmo .$0(OLS)http://semarc/name/4910 245 13$aLa Mariologia di San Germano, Patriarca di Costantinopoli /$cP. Erasmo Perniola ; presentazione del P. Gabriele Roschini. 260 $aRoma :$bEdizioni Padre Monti,$c1954. 300 $aXV, 200 p. ;$c26 cm. 500 $aContiene : Bibliografia. 650 4$aMadonna - Studi.$0(OLS)http://semarc/subject/1437 650 4$aPatristica - Scrittori greci.$0(OLS)http://semarc/subject/167 700 1 $aRoschini, Gabriele.$0(OLS)http://semarc/name/10457 850 $aSeMil 852 $aSeMil$W1$xVenegono$y1$m2M V 45$j31083$B31083$CSeMilBibl$Z2$F31086 $81 900 1 $aRoschini, Gabriele M. . 996 $6245$aLa Mariologia di San Germano, Patriarca di Costantinopoli$9(OLS)http://semarc/title/102964 996 $6260$aRoma :$bEdizioni Padre Monti$9(OLS)http://semarc/publisher/42566